[Event "Brasilia Brasiliense-ch"]
[Site "Brasilia"]
[Date "2019.10.26"]
[Round "9"]
[White "Do Nascimento, Pedro Henrique Alve"]
[Black "Felix, Raimundo Nascimento"]
[Result "1-0"]
[WhiteElo "1951"]
[BlackElo "1975"]
[PlyCount "101"]
[EventDate "2019.10.17"]
[EventType "tourn"]
[EventRounds "11"]
[EventCountry "BRA"]
[SourceTitle "CBM 192 Extra"]
[Source "Chessbase"]
[SourceDate "2019.11.06"]
[SourceVersion "1"]
[SourceVersionDate "2019.11.06"]
[SourceQuality "1"]

1. c4 Nf6 2. Nc3 e5 3. Nf3 Nc6 4. e4 Bc5 5. Nxe5 Bxf2+ 6. Kxf2 Nxe5 7. d4 Neg4+ 8. Kg1 d6 9. h3 Nh6 10. Bxh6 gxh6 11. Qf3 Qe7 12. Re1 0-0 13. e5 dxe5 14. dxe5 Nd7 15. Bd3 Kh8 16. Nd5 Qg5 17. Qe4 Qg7 18. b4 f5 19. Qf4 Nb6 20. Kh2 Be6 21. Nf6 Qg5 22. Rhf1 Rad8 23. Re3 Rf7 24. h4 Qxf4+ 25. Rxf4 Nd7 26. Rd4 Rff8 27. Nxd7 Bxd7 28. e6 Bxe6 29. Rxd8 Rxd8 30. Rxe6 Rxd3 31. Re8+ Kg7 32. Re7+ Kg6 33. Rxc7 Rd4 34. g3 h5 35. a3 f4 36. gxf4 Rxf4 37. Kg3 Rg4+ 38. Kh3 Rd4 39. a4 Rd3+ 40. Kg2 Rd4 41. Kg3 Rg4+ 42. Kh3 Rd4 43. a5 Rd3+ 44. Kg2 Rd4 45. b5 Rxh4 46. Rxb7 Rxc4 47. Rxa7 Rb4 48. b6 Kf6 49. Rxh7 Rb5 50. b7 Ke6 51. a6 1-0

[Event "Brasilia Etapa do Rei op"]
[Site "Brasilia"]
[Date "2019.??.??"]
[Round "3"]
[White "Do Nascimento, Pedro Henrique Alve"]
[Black "Guimaraes, Diogo Duarte"]
[Result "0-1"]
[WhiteElo "1856"]
[BlackElo "2272"]
[PlyCount "68"]
[EventDate "2019.03.22"]
[EventType "swiss"]
[EventRounds "6"]
[EventCountry "BRA"]
[SourceTitle "CBM 190 Extra"]
[Source "ChessBase"]
[SourceDate "2019.07.15"]
[SourceVersion "1"]
[SourceVersionDate "2019.07.15"]
[SourceQuality "1"]

1. d4 d5 2. c4 c6 3. cxd5 cxd5 4. Nc3 Nf6 5. Bf4 Nc6 6. e3 a6 7. Bd3 e6 8. Rc1 Be7 9. h3 Bd6 10. Bxd6 Qxd6 11. f4 g5 12. Nge2 gxf4 13. 0-0 e5 14. dxe5 Qxe5 15. Nxf4 Be6 16. Qf3 0-0 17. Na4 Qg5 18. Nxe6 fxe6 19. Nc5 Nd8 20. Qf4 Qxf4 21. Rxf4 Rc8 22. Rcf1 Kg7 23. b4 a5 24. a3 axb4 25. axb4 e5 26. Rf5 e4 27. Bb1 b6 28. Na4 Rc6 29. b5 Rd6 30. Rd1 Ne6 31. Nc3 Rfd8 32. Ba2 d4 33. exd4 Nxd4 34. Rff1 Ne2+ 0-1